| 000 | 01064nam a22003257a 4500 | ||
|---|---|---|---|
| 003 | CHAP | ||
| 005 | 20220329135154.0 | ||
| 008 | 971013s1960 r 00010 d | ||
| 010 | _a32113 | ||
| 011 | _a33085 | ||
| 035 | _a37200 | ||
| 040 | _cCHAP | ||
| 082 |
_a111.1 _bN5 1960 |
||
| 100 | 0 | 0 |
_aNicol, Eduardo. _981180 |
| 245 | _aHistoricismo y existencialismo | ||
| 250 | _a2 ed. | ||
| 260 |
_aMéxico, D. F. : _bFondo de Cultura Económica, _c1960 |
||
| 300 | _a422 p. | ||
| 590 |
_aBATCH-UPD _b10 _c20130110 _lUCH01 _h1711 |
||
| 590 |
_aBATCH-UPD _b10 _c20130410 _lUCH01 _h1057 |
||
| 590 |
_aBATCH-UPD _b10 _c20130914 _lUCH01 _h1548 |
||
| 590 |
_aCONVERSION _b10 _c20130109 _lUCH01 _h1318 |
||
| 650 | 1 | 4 |
_aExistencialismo. _939048 |
| 650 | 1 | 4 |
_aHistoria _xFilosofía. _955604 |
| 901 | _aBK | ||
| 942 | _cLIBRO | ||
| 949 |
_a111.1 N5 1960 _bBC _cLIBRO _d33724000299335 _eLIBRO _h54342 _i37200 _si |
||
| 949 |
_a111.1 N5 1960 _bBC _cLIBRO _d33724000864369 _eLIBRO _fc.2 _h54343 _i37200 _si |
||
| 949 |
_a111.1 N5 1960 _bBC _cLIBRO _d33724000903423 _eLIBRO _fc.3 _h54344 _i37200 _si |
||
| 999 |
_c32113 _d32113 |
||